000
00315nam a22001337a 4500
008
170926b xxu||||| |||| 00| 0 eng d
020
_a
0495807443
041
_a
eng
080
_2
10TH
_a
37
100
_a
46
101
_a
EDU
245
_a
TEACHING READING IN TODAY'S ELEMENTARY SCHOOLS
_c
ROE,B.D
942
_2
udc
_c
BK
999
_c
29771
_d
29771